000
00333nam a22001457a 4500
008
221006b ||||| |||| 00| 0 eng d
020
_a
0721697216
041
_a
eng
080
_2
6TH EDIITION
_a
610.73
082
_a
610.73 HOG
100
_a
5
101
_a
INF
245
_a
VIRTUAL CLINICAL EXCURSION
_c
HOGAN M
942
_2
udc
_c
BK
999
_c
58383
_d
58383